|
|
|
|
| LEADER |
02487nam a2200637 4500 |
| 001 |
ocn895254838 |
| 003 |
OCoLC |
| 005 |
20170124071412.4 |
| 006 |
m o d |
| 007 |
cr cnu|||unuuu |
| 008 |
141114s2014 enka ob 001 0 eng d |
| 040 |
|
|
|a N$T
|b eng
|e rda
|e pn
|c N$T
|d EBLCP
|d IDEBK
|d N$T
|d DG1
|d E7B
|d YDXCP
|d CDX
|d OCLCF
|d DEBSZ
|d OCLCQ
|d COO
|d DEBBG
|d GrThAP
|
| 019 |
|
|
|a 961610129
|a 962661361
|
| 020 |
|
|
|a 9781119058144
|q (electronic bk.)
|
| 020 |
|
|
|a 1119058147
|q (electronic bk.)
|
| 020 |
|
|
|a 9781119058021
|q (electronic bk.)
|
| 020 |
|
|
|a 1119058023
|q (electronic bk.)
|
| 020 |
|
|
|z 9781848216105
|
| 020 |
|
|
|a 1848216106
|
| 020 |
|
|
|a 9781848216105
|
| 029 |
1 |
|
|a CHBIS
|b 010442245
|
| 029 |
1 |
|
|a CHVBK
|b 334091284
|
| 029 |
1 |
|
|a DEBBG
|b BV042796760
|
| 029 |
1 |
|
|a DEBSZ
|b 431832439
|
| 029 |
1 |
|
|a DEBBG
|b BV042990241
|
| 029 |
1 |
|
|a NZ1
|b 16237916
|
| 029 |
1 |
|
|a DEBBG
|b BV043613749
|
| 029 |
1 |
|
|a DEBBG
|b BV043397283
|
| 035 |
|
|
|a (OCoLC)895254838
|z (OCoLC)961610129
|z (OCoLC)962661361
|
| 050 |
|
4 |
|a QP303
|
| 072 |
|
7 |
|a MED
|x 075000
|2 bisacsh
|
| 072 |
|
7 |
|a SCI
|x 036000
|2 bisacsh
|
| 082 |
0 |
4 |
|a 612.7/6
|2 23
|
| 049 |
|
|
|a MAIN
|
| 100 |
1 |
|
|a Chèze, Laurence,
|e author.
|
| 245 |
1 |
0 |
|a Kinematic analysis of human movement /
|c Laurence Chèze.
|
| 264 |
|
1 |
|a London :
|b ISTE ;
|a Hoboken, NJ :
|b John Wiley and Sons, Inc.,
|c 2014.
|
| 300 |
|
|
|a 1 online resource :
|b illustrations.
|
| 336 |
|
|
|a text
|b txt
|2 rdacontent
|
| 337 |
|
|
|a computer
|b c
|2 rdamedia
|
| 338 |
|
|
|a online resource
|b cr
|2 rdacarrier
|
| 490 |
1 |
|
|a Focus bioengineering and health science series
|
| 504 |
|
|
|a Includes bibliographical references and index.
|
| 588 |
0 |
|
|a Online resource; title from PDF title page (EBSCO, viewed December 12, 2014).
|
| 650 |
|
0 |
|a Human mechanics.
|
| 650 |
|
0 |
|a Kinematics.
|
| 650 |
|
7 |
|a MEDICAL
|x Physiology.
|2 bisacsh
|
| 650 |
|
7 |
|a SCIENCE
|x Life Sciences
|x Human Anatomy & Physiology.
|2 bisacsh
|
| 650 |
|
7 |
|a Human mechanics.
|2 fast
|0 (OCoLC)fst00963167
|
| 650 |
|
7 |
|a Kinematics.
|2 fast
|0 (OCoLC)fst00987608
|
| 655 |
|
4 |
|a Electronic books.
|
| 655 |
|
0 |
|a Electronic books.
|
| 776 |
0 |
8 |
|i Print version:
|a Chèze, Laurence.
|t Kinematic analysis of human movement.
|d London, England ; Hoboken, New Jersey : ISTE : Wiley, c2014
|h xii, 130 pages
|k Bioengineering and Health Science Series
|x 2051-249X
|z 9781848216105
|
| 830 |
|
0 |
|a Focus bioengineering and health science series.
|
| 856 |
4 |
0 |
|u https://doi.org/10.1002/9781119058144
|z Full Text via HEAL-Link
|
| 994 |
|
|
|a 92
|b DG1
|